| 000 | 00615nam a2200217Ia 4500 | ||
|---|---|---|---|
| 003 | OSt | ||
| 005 | 20220926044839.0 | ||
| 006 | a|||||r|||| 00| 0 | ||
| 007 | ta | ||
| 008 | 220923b |||||||| |||| 00| 0 eng d | ||
| 037 | _cGeneral Book | ||
| 040 |
_aRTL _cRTL _beng |
||
| 041 |
_2eng _aeng |
||
| 082 | _aX9n,2,N, H6/GD | ||
| 110 |
_aIndia, Labour (Bureau), Labour (Ministry of-) _9349453 |
||
| 245 | 0 | _aLarge industrial establishments | |
| 260 | _c1946 | ||
| 700 |
_aIndia, Labour (Bureau), Labour (Ministry of-) _9349454 |
||
| 942 |
_hX9n,2,N, H6/GD _cGB _2CC |
||
| 999 |
_c675947 _d675947 |
||